| Tag |
First Indicator |
Second Indicator |
Subfields |
| LEADER |
00000pam a2200000 a 4500 |
| 001 |
in00000075892 |
| 005 |
20151008054910.0 |
| 008 |
801008s1981 nbua b 00110 engm |
| 010 |
|
|
|a 80025018
|
| 020 |
|
|
|a 080324407X
|
| 035 |
|
|
|a (OCoLC)06891401
|
| 035 |
|
|
|9 AAJ1997AM
|
| 040 |
|
|
|a DLC
|c DLC
|d m.c.
|d TXA
|d UtOrBLW
|
| 043 |
|
|
|a n-usc--
|
| 049 |
|
|
|a TXAM
|c [1361456]
|
| 050 |
0 |
0 |
|a E78.N76
|b T7
|
| 082 |
0 |
|
|a 323.1/197/077
|2 19
|
| 100 |
1 |
|
|a Trennert, Robert A.
|
| 245 |
1 |
0 |
|a Indian traders on the Middle Border :
|b the house of Ewing, 1827-54 /
|c by Robert A. Trennert, Jr.
|
| 264 |
|
1 |
|a Lincoln :
|b University of Nebraska Press,
|c [1981]
|
| 264 |
|
4 |
|c ©1981
|
| 300 |
|
|
|a xiii, 271 pages :
|b illustrations ;
|c 23 cm.
|
| 336 |
|
|
|a text
|b txt
|2 rdacontent
|
| 337 |
|
|
|a unmediated
|b n
|2 rdamedia
|
| 338 |
|
|
|a volume
|b nc
|2 rdacarrier
|
| 500 |
|
|
|a Includes index.
|
| 504 |
|
|
|a Bibliography: pages 247-257.
|
| 600 |
1 |
0 |
|a Ewing, George Washington,
|d 1803-1866.
|
| 600 |
1 |
0 |
|a Ewing, William G.,
|d -1854.
|
| 650 |
|
0 |
|a Trading posts
|z Northwest, Old.
|
| 650 |
|
0 |
|a Indians of North America
|z Northwest, Old.
|
| 650 |
|
0 |
|a Indians of North America
|x Government relations
|y 1789-1869.
|
| 999 |
|
|
|a MARS
|
| 999 |
f |
f |
|s cc164079-6cfa-318e-aa02-a2ee0458ef0b
|i 39cc9268-c0ce-3a91-ba58-a62daeb073ba
|t 0
|
| 952 |
f |
f |
|p ric
|a Texas A&M University
|b Rellis Campus
|c Joint Library Facility
|d Remote Storage
|t 0
|e E78.N76 T7
|h Library of Congress classification
|i unmediated -- volume
|m A14806104192
|
| 998 |
f |
f |
|a E78.N76 T7
|t 0
|l Remote Storage
|